000 00408nam a22001571a 4500
020 _a9788121505611
082 _a181.49
_bCYR/M
100 _aCyril Veliath S J
245 _aThe mysticism of Ramanuja/
_cby Cyril Veliath S J
260 _aNew Delhi:
_bMunshiram Manoharlal,
_c1993.
300 _a249p.
650 _aPhilosophy Ramanuja
650 _aPhilosophy India
650 _aPhilosophy
942 _cBK
999 _c29999
_d29999